Are You Smarter Than a College Student? XXX Quiz Stats

 Plays Quiz Updated Jun 5, 2018

Score 0/30 Timer 07:00
1 Play Today
Hint Answer % Correct
EasyCanada
98%
EasyFlorida
92.5%
Easynada
91.5%
EasyPanda
89.4%
EasyBermuda
84.8%
EasyMiranda
80.3%
Easygouda
76.9%
Easybaking soda
70.9%
EasyMatilda
66.8%
EasyZelda
65.9%
MediumMazda
62.8%
Mediumcicada
59.4%
Mediumenchilada
56.3%
MediumGlinda
48.2%
Mediumyada yada
48%
Hint Answer % Correct
MediumUganda
44.6%
Mediumbarracuda
42.9%
Mediumpagoda
40.7%
MediumMerida
40.2%
Mediumlambda
40.2%
HardSierra Nevada
37.1%
HardRhoda
31.8%
HardAida
26.1%
HardDada
25.3%
HardCressida
23.5%
Hardrotunda
23.2%
HardGranada
20.8%
HardPablo Neruda
19.8%
HardLuanda
15.1%
HardLeda
13.7%

You're not logged in!

Compare scores with friends on all Sporcle quizzes.
OR
Log In

You Might Also Like...

Show Comments

Extras

Top Quizzes Today


Score Distribution

Your Account Isn't Verified!

In order to create a playlist on Sporcle, you need to verify the email address you used during registration. Go to your Sporcle Settings to finish the process.

Report this User

Report this user for behavior that violates our Community Guidelines.

Details: